000 00585nam a22001937a 4500
005 20251108170527.0
008 250721s1998 xx 000 0 ara d
082 1 4 _a797/حلم
100 1 _aحلمي، عصام
245 1 0 _aإستراتيجية تدريب الناشئين في السباحة /
264 1 _aالإسكندرية :
_bدار المعارف،
_c1998.
300 _a221ص
650 1 7 _aالألعاب الرياضية المائية
650 1 7 _aالسباحة
650 1 7 _aالسباحون
650 1 7 _aالتدريب
942 _2ddc
_cBK
999 _c42694
_d42694